Resumen de las acciones virtuosas que ha de premiar la Sociedad Económica Matritense... el día 27 de noviembre de 1862 / (Record no. 19579)

MARC details
000 -LEADER
campo de control de longitud fija 00951nam a2200217 i 4500
001 - NÚMERO DE CONTROL
campo de control 19579
003 - IDENTIFICADOR DE NÚMERO DE CONTROL
campo de control ES-MaACL
005 - FECHA Y HORA DE LA ÚLTIMA TRANSACCIÓN
campo de control 20250902100424.0
007 - CAMPO FIJO DE DESCRIPCIÓN FÍSICA--INFORMACIÓN GENERAL
campo de control de longitud fija t|
008 - DATOS DE LONGITUD FIJA--INFORMACIÓN GENERAL
campo de control de longitud fija 021004s1862 sp ||||1| spa d
110 2# - ENTRADA PRINCIPAL--NOMBRE DE ENTIDAD CORPORATIVA
Nombre de entidad corporativa o nombre de jurisdicción como elemento de entrada Real Sociedad Económica Matritense de Amigos del País.
9 (RLIN) 6389
245 10 - MENCIÓN DEL TÍTULO
Título Resumen de las acciones virtuosas que ha de premiar la Sociedad Económica Matritense... el día 27 de noviembre de 1862 /
Mención de responsabilidad, etc. [el secretario general, Pablo Abejón].
260 ## - PUBLICACIÓN, DISTRIBUCIÓN, ETC.
Lugar de publicación, distribución, etc. Madrid :
Nombre del editor, distribuidor, etc. [s.n.],
Fecha de publicación, distribución, etc. 1862 (
Fabricante Imp. del Colegio de Sordo-mudos y de Ciegos)
530 ## - NOTA DISPONIBLE DE FORMULARIO FÍSICO ADICIONAL
Nota de formato físico adicional disponible Disponible en formato digital.
594 ## - Nota al título y mención de responsabilidad
Nota al título y mención de responsabilidad Autor tomado de fin de texto
610 27 - PUNTO DE ACCESO ADICIONAL DE MATERIA--NOMBRE DE ENTIDAD CORPORATIVA
Nombre de entidad corporativa o nombre de jurisdicción como elemento de entrada Real Sociedad Económica Matritense de Amigos del País-
Subdivisión general Premios
Fuente del encabezamiento o término
9 (RLIN) 160848
700 1# - ENTRADA AGREGADA--NOMBRE PERSONAL
Nombre de persona Abejón, Pablo,
Fechas asociadas al nombre fl. 1857
9 (RLIN) 18027
852 4# - LOCALIZACIÓN
Ubicación ES-MaACL
Número de control de estantería T-743-F-6
856 4# - LOCALIZACIÓN Y ACCESO ELECTRÓNICOS
Identificador Uniforme de Recursos <a href="https://hemerotecadigital.bne.es/hd/issn/2605-4620 ">https://hemerotecadigital.bne.es/hd/issn/2605-4620 </a>
Nota pública Hemeroteca Digital (1861-62, 1865, 1868)
Holdings
Estatus retirado Estado de pérdida Estado de daño No para préstamo Colección Biblioteca de origen Biblioteca actual Ubicación en estantería Fecha de adquisición Fuente de adquisición Total de préstamos Signatura topográfica completa Código de barras Visto por última vez Precio de reemplazo Tipo de ítem Koha
        Colección de folletos Biblioteca del Ateneo de Madrid Biblioteca del Ateneo de Madrid Depósito folletos 17/01/2008     T-743-F-6 1020032 23/02/2023 23/02/2023 Folleto